000 00536nam a2200217Ia 4500
003 OSt
005 20221005131739.0
006 a|||||r|||| 00| 0
007 ta
008 221004b |||||||| |||| 00| 0 hin d
024 _a45750
037 _cTextual
040 _aCRL
_cCRL
_bhin
041 _2hin
_ahin
082 _aY:4:7, 156G5
100 _aSarkar Shrimant
_9640011
245 0 _aSubhod sangrah
650 _aSOCIOLOGY
942 _hY:4:7, 156G5
_cTEXL
_2cc
999 _c1061260
_d1061260